000 00519nam a22001697a 4500
003 0
005 20220804083109.0
008 220804b xxu||||| |||| 00| 0 eng d
020 _a978-621-95242-7-8
050 _aHF5661
_b.D66 2019
245 _aRFBT: regulatory framework for business transactions : MCQ reviewer
_cAndrix D. Domingo
260 _aBaguio City
_bCoaching for results publishing
_c2019
300 _a986pp.
_c23cm
_fBook
500 _aAccounting problems.
500 _aExercise, etc..
942 _2lcc
_cBK
999 _c364762
_d364762